| 000 | 00972cam a22001934a 4500 | ||
|---|---|---|---|
| 005 | 20250605164019.0 | ||
| 008 | 250528s ||||||||||||||||||||||||d | ||
| 035 | _a16251 | ||
| 020 | _a333186567 | ||
| 040 |
_aGR-AtMCL _bgre _dGR-AtMCL _eAACR2 |
||
| 245 | 1 | _aFinite Element Methods for Engineers | |
| 260 |
_bMacmillan Press Ltd, _c1975 |
||
| 300 | _a174 | ||
| 520 | _aThis book is intended as an introduction to finite element methods for engineering undergraduates and other students at an equivalent level. Preface, Notation, Introduction and Structural Analysis, Continuum Mechanics Problems, Finite Element Analysis of Harmonic Problems, Finite Element Meshes, Some Harmonic Problems, Finite Element Analysis of Biharmonic Problems, Some Biharmonic Problems, Further Applications, Appendices, Gaussian Elimination, The Gauss-Seidel Method, Bibliography, Index. | ||
| 700 | 1 |
_aFenner Roger T _92334 |
|
| 942 | _cBK | ||
| 999 |
_c1769 _d1769 |
||